000 00454pam a2200157a 44500
008 230515b2004 xxu||||| |||| 00| 0 eng d
020 _aNULL
041 _aENGLISH
082 _a572.80285
100 _aALEXANDER, I SAEV
245 _aINTRODUCTION TO MATHEMATICAL METHODS IN BIOINFORMATICS
250 _aI
260 _a
_bSPRINGER INTERNATIONL EDITION
_c2004
300 _aXIII,294
650 _aINTRODUCTION TO MATHEMATICAL METHODS IN BIOINFORMATICS
999 _c568297
_d568297